Normal view
MARC view
Entry Topical Term
001 - CONTROL NUMBER
- control field: 12720
003 - CONTROL NUMBER IDENTIFIER
- control field: ARRUPE
005 - DATE AND TIME OF LATEST TRANSACTION
- control field: 20141118142424.0
008 - FIXED-LENGTH DATA ELEMENTS
- fixed length control field: 141118|| aca||aabn | a|a d
040 ## - CATALOGING SOURCE
- Original cataloging agency: ARRUPE
- Transcribing agency: ARRUPE
150 ## - HEADING--TOPICAL TERM
- Topical term or geographic name as entry element: Philosophy, Modern.
670 ## - SOURCE DATA FOUND
- Source citation: Work cat.: (ARRUPE)0: Hook, Sidney, 1902-1989. 12719, The quest for being,, 1963